|
|
|
|
| LEADER |
00754pam a22002418a 4500 |
| 001 |
00028038 |
| 005 |
20171026081022.0 |
| 008 |
111223s2008 |||||| sd |
| 020 |
# |
# |
|a 9780194761048
|
| 082 |
1 |
4 |
|a 428
|b W201R
|
| 100 |
1 |
# |
|a Pasternak, Mindy
|
| 245 |
1 |
0 |
|a Well read 3
|b Skills and strategies for reading
|c Mindy Pasternak, Elisaveta Wrangell
|
| 260 |
# |
# |
|a Oxford
|b Oxford Univ. Press
|c 2008
|
| 300 |
# |
# |
|a xiii,186p.
|b ill.
|c 28cm.
|
| 650 |
# |
4 |
|a Tiếng Anh
|x reading
|
| 653 |
# |
# |
|a Anh ngữ thực hành
|
| 700 |
1 |
# |
|a Wrangell, Elisaveta
|
| 852 |
# |
# |
|b Kho đọc
|j KD.0012850
|
| 852 |
# |
# |
|j KD.0012956
|
| 910 |
|
|
|d 23/12/2011
|
| 980 |
# |
# |
|a Trung tâm Học liệu Lê Vũ Hùng, Trường Đại học Đồng Tháp
|